000
00188nam a2200085Ia 4500
008
211105s9999 xx 000 0 und d
020
_a
"
100
_a
PITT, I.
_9
125613
245
0
_a
PERONS
999
_c
595437
_d
595436